Carregant...

A Jesuit in the Forbidden City Matteo Ricci 1552-1610 /

The remarkable life of the Italian Jesuit Matteo Ricci, one of the most famous missionaries of all time and the founder of the Catholic Mission in China. This is the first critical biography to use all relevant sources, not only in western languages but in Chinese as well.

Dades bibliogràfiques
Autor principal: Hsia, R. Po-chia, 1953-
Format: eBook
Idioma:English
Publicat: Oxford : Oxford University Press, 2010.
Matèries:
Accés en línia:Click here to view full text
LEADER 01664nam a2200337 a 4500
001 EDZ0000076337
003 StDuBDS
005 20200624130735.0
006 m||||||||d||||||||
007 cr||||||||||||
008 101209s2010 enkabcffo 001 0beng d
020 |a 9780191595622 (ebook) :  |c No price 
040 |a StDuBDS  |c StDuBDS 
050 4 |a BV3427.R46 
082 0 4 |a 266.2092  |2 22 
100 1 |a Hsia, R. Po-chia,  |d 1953- 
245 1 2 |a A Jesuit in the Forbidden City  |h [electronic resource] :  |b Matteo Ricci 1552-1610 /  |c R. Po-chia Hsia. 
260 |a Oxford :  |b Oxford University Press,  |c 2010. 
300 |a 1 online resource (xiv, 359 p., [8] p. of plates) :  |b ill. (some col.), maps, ports. 
500 |a On-campus only: no User ID or password required 
520 8 |a The remarkable life of the Italian Jesuit Matteo Ricci, one of the most famous missionaries of all time and the founder of the Catholic Mission in China. This is the first critical biography to use all relevant sources, not only in western languages but in Chinese as well. 
588 |a Description based on print version record. 
504 |a Includes bibliographical references and index. 
600 1 0 |a Ricci, Matteo,  |d 1552-1610. 
650 0 |a Jesuits  |z China  |v Biography. 
650 0 |a Missionaries  |z China  |v Biography. 
650 0 |a Missionaries  |z Italy  |v Biography. 
776 0 8 |i Print version  |z 9780199592258 
856 4 0 |u http://dx.doi.org/10.1093/acprof:oso/9780199592258.001.0001  |z Available Online  |y Click here to view full text 
999 |c 99152  |d 99152 
952 |0 0  |1 0  |4 0  |6 EBOOK  |7 0  |9 98578  |a UL  |b UL  |c ST1  |d 2013-06-03  |l 0  |o eBook  |r 2013-06-03  |w 2013-06-03  |y EB  |z eBook from Oxford Scholarship Online